Zváranie hliníka a jeho zliatin spôsobom plazmamig

Bibliographic Details
Main Author: Chorvát, Cyril, 1933- (Author)
Format: Article
Language:Slovak
PhysicalDescription:Obr. 4. Tb. 1. Sch. 4., lit. 4 zázn. v slov., angl., nem.
Subjects:

MARC

LEADER 00000nab a2200000 a 4500
001 vtls000390052
003 SK-MaSNL
005 20260304222806.0
008 230223c1989 xo 0 slo
015 |a SNBRB19rr/mm-uuuuu 
035 |a CL0390176 
035 |a urn:nbn:sk:snk-ab6pcw 
035 |a (uuid)4b205de8-8b8a-4421-8f67-cd9781777ed8 
035 |a (urnnbn)urn:nbn:sk:snk:ar-005q8i 
035 |a (sysno)vtls000390052 
040 |a SNKBUCL  |b slo  |c SNKBUCL  |e AACR2 
041 0 |a slo 
044 |a xo  |c SK 
080 |a 621.791.755  |2 1981 
080 |a 621.791.753  |2 1981 
080 |a 669.71  |2 1981 
100 1 |a Chorvát, Cyril,  |d 1933-  |4 aut  |9 155604 
245 1 0 |a Zváranie hliníka a jeho zliatin spôsobom plazmamig  |c Cyril Chorvát 
300 |b Obr. 4. Tb. 1. Sch. 4., lit. 4 zázn. v slov., angl., nem. 
650 0 7 |a hliník  |2 snkbucl  |9 14229 
650 0 7 |a materiály hliníkové  |2 snkbucl  |9 1556083 
650 0 7 |a zváranie  |2 snkbucl  |9 1839 
655 7 |a články z novín a časopisov  |2 snkbucl  |9 267496 
773 0 |t Zváranie  |g Roč. 38, č. 9 (1989), s. 266-268 
850 |a Slovenská národná knižnica v Martine  |a MTA001 
852 |a SNK  |b KIS3GCP 
954 |a odborná, vedecká literatúra pôvodná (slovenská)  |2 lita 
958 |a OND 
958 |a RK 
958 |a EUIPO 
958 |a article 
992 |a RBX 
999 |c 3165153  |d 3167083